000 00446nam a2200145Ia 4500
003 OSt
005 20260130152633.0
008 211028s2018 xx 000 0 und d
040 _cAIMIT LIBRARY
041 _aeng
100 _aKharvi, Veena H; Harinakshi.
_g1616213
_97965
245 _aStudy on factors affecting employee relationship with reference to Neo Aqua company Honnavar /
260 _aMangalore
_bHarinakshi.
_c2018
942 _2ddc
_cPRO
999 _c219533
_d219533